Elites y desarrollo en América Latina
Guardat en:
| Autors principals: | , |
|---|---|
| Format: | Llibre |
| Idioma: | espanyol |
| Publicat: |
Buenos Aires
Paidós
1971
|
| Edició: | 2a. ed |
| Matèries: | |
| Etiquetes: |
Afegir etiqueta
Sense etiquetes, Sigues el primer a etiquetar aquest registre!
|
MARC
| LEADER | 00000nam a2200000 a 4500 | ||
|---|---|---|---|
| 001 | UCW9410 | ||
| 003 | CL-VaPUC | ||
| 008 | 890414e19710000AG |||||||||||||||||spa|d | ||
| 082 | 0 | 4 | |a 305.52 |b LIP |2 21 |
| 100 | |a Lipset, Seymour Martin |e autor |9 451988 | ||
| 700 | 0 | |a Solari, Aldo E |e author |9 314668 | |
| 245 | 1 | 0 | |a Elites y desarrollo en América Latina |
| 250 | |a 2a. ed | ||
| 300 | |a 512 p | ||
| 942 | |c BK | ||
| 945 | |d 19890414 00:00:00 | ||
| 260 | |a Buenos Aires |b Paidós |c 1971 | ||
| 650 | 0 | |a Condiciones sociales |9 257278 | |
| 651 | 0 | |a América Latina |9 255027 | |
| 583 | |a last modification |c 19890414 00:00:00 |k Rodrigo Vera | ||
| 999 | |c 221394 |d 221392 | ||
| 952 | |0 0 |1 0 |4 0 |6 305_520000000000000_LIP_1971 |7 0 |8 A |9 214665 |a BIBHIS |b BIBHIS |d 2019-11-15 |i 2832348 |o 305.52 LIP 1971 |p 2832348 |r 2025-01-20 |w 2019-11-15 |y BK |k HIS | ||